000 00722nam a2200265Ia 4500
005 20260121165749.0
008 008 260114s9999 xx 000 0 eng d
020 _a9783319424712
037 _aEBOOK
040 _aCRL
040 _beng
040 _cCRL
041 _2eng
041 _aeng
084 _qCRL
100 _aTatsiana Okrut, Yuras Hetsevich, Max Silberztein, Hanna Stanislavenka
_91055734
245 0 _aAutomatic Processing of Natural-Language Electronic Texts with NooJ
260 _bSpringer
260 _bSpringer
260 _c2016
856 _uhttps://link.springer.com/openurl?genre=book&isbn=978-3-319-42471-2
942 _cEBOOK
999 _c1621462
_d1621462